Statistiques concernant Culture Générale - Série 1718

Cliquez ici pour prendre le quiz!

Statistiques générales

  • Ce quiz a été pris 59 fois
  • Le résultat moyen est 6 sur 10

Statistiques - réponses

Question Réponse % Correct
Quel type d'animal est Baloo dans le Livre de la Jungle ?ours
96%
Comment se nomme un vers de 12 syllabes ?alexandrin
87%
Quelle est la plus grande île de la Méditerranée ?Sicile
83%
Quel héros de la mythologie grecque a donné son nom à un complexe énoncé par Freud ?Oedipe
75%
Quel roi de la mythologie grecque était connu pour son pouvoir de tout changer en or ?Midas
57%
Quel dessinateur a créé Gaston Lagaffe ?Franquin
38%
De quelle ville les Meldois sont-ils les habitants ?Meaux
38%
Dans quel département français est situé le village de Camembert ?Orne
38%
Dans le film de 1962 ''Les Révoltés du Bounty'' , qui interprétait le rôle de Fletcher Christian ?Marlon Brando
36%
Quelle marionnette des Guignols de l'Info de Canal+ disait souvent ''Camembert'' ?Jean-Pierre Papin
19%

Distribution des résultats

Percentile by Number Answered

% des personnes avec chaque résultat

Votre développement - résultats

Vous n’avez pas pris ce quiz